| 000 | 00520nam a2200181Ia 4500 | ||
|---|---|---|---|
| 005 | 20250326125458.0 | ||
| 008 | 250326s9999 xx 000 0 und d | ||
| 037 | _aTextbook | ||
| 040 |
_aFMSL _beng _cFMSL |
||
| 041 |
_aeng _2eng |
||
| 084 |
_aXM:8 L1 _qFMSL |
||
| 100 | _aInternational Labour Office | ||
| 245 | 0 |
_aCo-Operative management and administration _cInternational Labour Office |
|
| 260 |
_aGeneva _bGeneva, IOL _c1971 |
||
| 300 | _a222p | ||
| 942 |
_cTB _hXM:8 L1 |
||
| 999 |
_c1278245 _d1278245 |
||